La práctica de las pruebas mentales y de instrucción (Record no. 45782)

MARC details
000 -CABECERA
campo de control de longitud fija 00839nam a2200253 a 4500
003 - IDENTIFICADOR DEL NÚMERO DE CONTROL
campo de control MX-MxUPN
005 - FECHA Y HORA DE LA ÚLTIMA TRANSACCIÓN
campo de control 20241001063910.0
008 - ELEMENTOS DE LONGITUD FIJA--INFORMACIÓN GENERAL
campo de control de longitud fija 991125s1933 mad 000 0 spa u
035 ## - NÚMERO DE CONTROL DEL SISTEMA
Número de control de sistema UPN01000045782
040 ## - FUENTE DE LA CATALOGACIÓN
Centro catalogador/agencia de origen MX-MxUPN
Lengua de catalogación spa
Centro/agencia transcriptor MX-MxUPN
041 0# - CÓDIGO DE IDIOMA
Código de lengua del texto/banda sonora o título independiente spa
050 14 - SIGNATURA TOPOGRÁFICA DE LA BIBLIOTECA DEL CONGRESO
Número de clasificación LB1131
Número de documento/Ítem C66
100 1# - ASIENTO PRINCIPAL--NOMBRE PERSONAL
Nombre de persona Comas, Juan,
Fechas asociadas al nombre 1900-1979
9 (RLIN) 30643
100 1# - ASIENTO PRINCIPAL--NOMBRE PERSONAL
Nombre de persona Lago, Regina
9 (RLIN) 52995
245 13 - MENCIÓN DE TÍTULO
Título La práctica de las pruebas mentales y de instrucción
260 ## - PUBLICACIÓN, DISTRIBUCIÓN, ETC.
Lugar de publicación, distribución, etc. Madrid :
Nombre del editor, distribuidor, etc. Revista de Pedagogía,
Fecha de publicación, distribución, etc. 1933
300 ## - DESCRIPCIÓN FÍSICA
Extensión 205 páginas
490 0# - MENCIÓN DE SERIE
Mención de serie Publicaciones de la revista de pedagogía. La práctica de la educación activa ;
Designación de volumen o secuencia 14
650 #4 - ASIENTO SECUNDARIO DE MATERIA - TERMINO TEMATICO
Término de materia o nombre geográfico como elemento de entrada Niño, Estudio del
9 (RLIN) 221
650 #4 - ASIENTO SECUNDARIO DE MATERIA - TERMINO TEMATICO
Término de materia o nombre geográfico como elemento de entrada Pruebas mentales
9 (RLIN) 15534
710 2# - ASIENTO SECUNDARIO - NOMBRE CORPORATIVO
Nombre de entidad corporativa o nombre de jurisdicción como elemento de entrada Instituto Nacional de Pedagogía (México)
Término indicativo de función/relación propietario anterior
9 (RLIN) 28088
904 ## - ELEMENTOS DE DATOS D LOCAL, LDD (RLIN)
a AC
b 045784
942 ## - ELEMENTOS DE PUNTO DE ACCESO ADICIONAL (KOHA)
Fuente del sistema de clasificación o colocación Library of Congress Classification
Tipo de ítem Koha Libro
Holdings
Estado de retiro Estado de pérdida Fuente del sistema de clasificación o colocación Estado dañado No para préstamo Código de colección Localización permanente Ubicación/localización actual Ubicación en estantería Fecha de adquisición Clasificación Código de barras Fecha visto por última vez Tipo de ítem Koha Nota pública
    Library of Congress Classification   Disponible (Previa cita) Fondo Reservado de libros Bib. Gregorio Torres Quintero Bib. Gregorio Torres Quintero Sala de Fondos Reservados Planta alta 18/11/2022 LB1131 C66 11599 31/12/2020 Libro Ejemplar con sello de la Biblioteca del Instituto Nacional de Pedagogía